000 00347nam a2200109Ia 4500
008 180205s9999 xx 000 0 und d
020 _a9781783534043
100 _aVecchi, Veronica
245 _aPrinciple and practices of impact investing :
_bA catalytic revolution
260 _aUK :
_bGreenleaf publishing limited
_c2016
300 _avii, 349 pages
999 _c354915
_d354915